000 00612nam a2200217 i 4500
001 70151
003 ES-MaACL
005 20250911062643.0
007 t|
008 040719s1985 sp ||||1| spa d
020 _a84-233-1392-1
100 1 _aGarcía Pavón, Francisco.
_955085
245 1 0 _aCuentos de amor... vagamente /
_cFrancisco García Pavón.
250 _a1ª ed.
260 _aBarcelona :
_bDestino,
_c1985.
300 _a146 p. ;
_c22 cm.
490 1 _aAncora y delfín ;
_v591
830 0 0 _aÁncora y Delfín
_v591
_9151298
852 _aES-MaACL
_jL-10277
_bR.110894
999 _c70151
_d70151